Na cestu k základným informáciám o EÚ treba najmä internet a trpezlivosť

Pripravenosť slovenských podnikateľov na európsku konkurenciu je priamoúmerná dostupnosti informácií o nej. Možnosti získavania takýchto informácií. Informácie získané najmä cez internet. Verejných informácií o podnikaní v EÚ je dosť, chýba im však prehľadnosť.

Saved in:
Bibliographic Details
Main Author: Fričová, Zuzana
Format: Book Chapter
Language:Slovak
Subjects:
Tags: Add Tag
No Tags, Be the first to tag this record!

MARC

LEADER 00000naa a2200000 4500
001 r049030
005 20230921115150.3
041 0 |a slo 
044 |a SK 
245 1 0 |a Na cestu k základným informáciám o EÚ treba najmä internet a trpezlivosť  |c Zuzana Fričová 
520 |a Pripravenosť slovenských podnikateľov na európsku konkurenciu je priamoúmerná dostupnosti informácií o nej. Možnosti získavania takýchto informácií. Informácie získané najmä cez internet. Verejných informácií o podnikaní v EÚ je dosť, chýba im však prehľadnosť. 
610 2 0 |a podnikanie 
610 2 0 |a podnikatelia 
610 2 0 |a konkurencia 
610 2 0 |a informácie 
610 2 0 |a internet 
610 2 0 |a Slovensko 
610 2 0 |a Európska únia 
100 1 |a Fričová, Zuzana